000 00567nam a22001937a 4500
999 _c173072
_d173072
005 20200218122555.0
010 _aENG-127862
020 _a9788192301778
_c595.00
035 _aEN-111394
037 _bDBAD/PUB
082 _a509.2
100 _aThakur,S.K
245 _aISRO History and Achievements/
_cby S.K. Thakur
260 _aNew Delhi
_bKopal books
_c2016
270 _a315,Hari Nagar Ashram,Mathura Road
_bNew Delhi
_e110014
300 _a193p.
_c23cm (hb)
500 _aIncludes Bibliography and Index
942 _2ddc
_cEN
_h509.2
_mTHA